Jon Favreau Movies - Statistics

General Stats
  • This quiz has been taken 11 times
    6 since last reset
  • The average score is 8 of 67
Answer Stats
Hint Answer % Correct
2008 Iron Man
100%
2015 Avengers: Age of Ultron
60%
2019 Avengers: Endgame
60%
2018 Avengers: Infinity War
60%
2010 Iron Man 2
60%
2013 Iron Man 3
60%
2012 The Avengers
60%
2014 Chef
40%
2017 Chef
40%
2003 Elf
40%
2019 Spider-Man: Far From Home
40%
2017 Spider-Man: Homecoming
40%
2021 Spider-Man: No Way Home
40%
2008 Four Christmases
20%
1993 Rudy
20%
2006 The Break-Up
20%
2001 Ain't It Cool News
0%
1998 Bad Cop, Bad Cop
0%
1995 Batman Forever
0%
2006 Come Early Morning
0%
2009 Couples Retreat
0%
2011 Cowboys and Aliens
0%
2003 Daredevil
0%
1998 Deep Impact
0%
1996 Desert Breeze
0%
1997 Dogtown
0%
2015 Entourage
0%
1992 Folks
0%
2009 G-Force
0%
1995 Grandpa's Funeral
0%
2005 Green Street Hooligans
0%
1992 Hoffa
0%
2018 Hotel Artemis
0%
2013 Identity Theft
0%
2009 I Love You, Man
0%
2007 I Now Pronounce You Chuck and Larry
0%
2017 Joe Dick
0%
2012 John Carter
0%
1996 Just Your Luck
0%
2003 Life on Parole
0%
2000 Love and Sex
0%
2001 Made
0%
1994 Mrs. Parker and the Vicious Cirlce
0%
1995 Notes From Underground
0%
2006 Open Season
0%
1994 PCU
0%
2012 People Like Us
0%
1996 Persons Unknown
0%
1999 Rocky Marciano
0%
1999 Smog
0%
2018 Solo: A Star Wars Story
0%
2003 Somethings Gotta Give
0%
1994 Speechless
0%
1996 Swingers
0%
2016 Term Life
0%
2003 The Big Empty
0%
2016 The Brothers Grimsby
0%
2002 The First $20 Million Is Always the Hardest
0%
2016 The Jungle Book
0%
2026 The Jungle Book 2
0%
2019 The Lion King
0%
2000 The Replacements
0%
2013 The Wolf of Wall Street
0%
1998 Very Bad Things
0%
2004 Wimbledon
0%
2005 Zathura: A Space Adventure
0%
2011 Zookeeper
0%
No matching quizzes found
Score Distribution
Percent of People with Each Score
Percentile by Number Answered
Your Score History
You have not taken this quiz since the last reset